State Superlatives - Not Alaska - Statistics

General Stats
  • This quiz has been taken 21,520 times
  • The average score is 9 of 14
Answer Stats
Superlative #2 State % Correct
Largest land area Texas
100%
Westernmost point Hawaii
93%
Longest coastline Florida
90%
Tallest mountain California
73%
Northernmost point Minnesota
72%
Lowest population density Wyoming
69%
Coldest average temperature North Dakota
66%
Most grizzly bears Montana
64%
Highest % of population with Native American descent Oklahoma
57%
Most area covered by glaciers Washington
55%
Most moose Maine
50%
Most U.S. government-owned land Nevada
46%
Lowest value of crop production Rhode Island
42%
Rainiest state capital Louisiana
25%
No matching quizzes found
Score Distribution
Percent of People with Each Score
Percentile by Number Answered
Your Score History
You have not taken this quiz